banner-ar

تكنولوجيا الحضر وتحضير الصحراء / (Record no. 37158)

MARC details
000 -الفاتح
حقل البيانات ثابتة الطول 00705nam a2200217Ia 4500
008 - عناصر البيانات ثابتة الطول - معلومات عامة
حقل البيانات ثابتة الطول 140319s9999 xx 000 0 ara d
040 ## - مصدر الفهرسة
وكالة الفهرسة الأصلية GCL /
وكالة النسخ GCL
082 04 - رقم تصنيف ديوى العشرى
رقم التصنيف 635
رقم المادة ع ت
100 1# - المدخل الرئيسى - إسم شخصى
الإسم الشخصى على منصور حمزه
245 10 - بيان العنوان
العنوان تكنولوجيا الحضر وتحضير الصحراء /
بيان المسئوليه,etc على منصور حمزه
260 ## - PUBLICATION, DISTRIBUTION, ETC. (IMPRINT)
تاريخ النشر أو التوزيع 1991
300 ## - الوصف المادى
التعداد 355 ص
490 ## - بيان السلسلة
عنوان السلسلة
650 04 - المدخل الاضافى بالموضوع-مصطلح موضوعى
مصطلح موضوعي تخضير الصحراء
650 04 - المدخل الاضافى بالموضوع-مصطلح موضوعى
مصطلح موضوعي مناطق الاستصلاح
650 04 - المدخل الاضافى بالموضوع-مصطلح موضوعى
مصطلح موضوعي الميكنة الزراعية
650 04 - المدخل الاضافى بالموضوع-مصطلح موضوعى
مصطلح موضوعي زراعة الخضر
650 04 - المدخل الاضافى بالموضوع-مصطلح موضوعى
مصطلح موضوعي طرق الزراعة
942 ## - عناصر المدخل الإضافي( كوها)
مصدر التصنيف او مخطط الترفيف Dewey Decimal Classification
Koha [default] item type كتاب
260 ## - PUBLICATION, DISTRIBUTION, ETC. (IMPRINT)
-- [S.N] :
-- دار الوفاء للطباعة والنشر والتوزيع ،
Holdings
حالة التراجع حالة الفقد حالة تلف ليس للاعارة المكان المؤقت الموقع الحالى تاريخ الاكتساب اجمالي اﻻعارات رقم الطلب الباركود تاريخ اخر مشاهدة تاريخ تفعيل السعر نوع وعاء كوها
        مكتبة القاهرة الكبرى مكتبة القاهرة الكبرى 03/26/2014   635\ع ت 90454 03/26/2014 03/26/2014 كتاب
        مكتبة القاهرة الكبرى مكتبة القاهرة الكبرى 03/26/2014   635\ع ت 90455 03/26/2014 03/26/2014 كتاب

Powered By

EGPV